00607aas a2200169 4500001001000000003001000010005001700020008004100037022001400078040004100092041000800133245006100141300004600202520011300248650001300361773006300374768714001CO-MdFUSB20171027112852.0171027s2010 ck ||||| |||| 00| 0 spa d a2145-8197 aCO-MdFUSBbspacCO-MdFUSBdCO-MdFUSB aspa 0aEstrellan Aviones contra las Torres Gemelasc/ El Tiempo aNúmero 10 (2010), página 30c: 28 cm.1 aTambién explotan bombas en España y Londres. Al Qaeda, el responsable. El mundo sufre por el terrorismo.14aHISTORIA0 tdk100049432gNúmero 10 (2010), página 30qPágina 30